000 01158nam a22003497a 4500
003 CHAP
005 20220817042904.0
008 971013s1993 r 00010 d
010 _a58948
011 _a59920
035 _a64080
040 _cCHAP
082 _a632
_bS92
100 0 0 _aStrange, Richard N.
_9109950
245 _aPlant disease control
_b: towards environmentally acceptable methods
260 _aLondon :
_bChapman & Hall,
_c1993
300 _a354 p.
_b: ilus.
590 _aBATCH-UPD
_b10
_c20130109
_lUCH01
_h2318
590 _aBATCH-UPD
_b10
_c20130110
_lUCH01
_h0751
590 _aBATCH-UPD
_b10
_c20130409
_lUCH01
_h1840
590 _aBATCH-UPD
_b10
_c20130410
_lUCH01
_h0432
590 _aBATCH-UPD
_b10
_c20130914
_lUCH01
_h1313
590 _aCONVERSION
_b10
_c20130109
_lUCH01
_h1332
650 1 4 _aEpidemiología.
650 1 4 _aFitopatología.
_941161
650 1 4 _aInteracción huésped-parásito.
_959512
650 1 4 _aPlantas parásitas.
_989080
650 1 4 _aPlantas
_xResistencia a enfermedades.
_988882
901 _aBK
942 _cLIBRO
949 _a632 S92
_bBC
_cLIBRO
_d33724000083184
_eLIBRO
_gI. 180760
_h90073
_i64080
_si
_t692.00
999 _c58948
_d58948